[Event "7ème édition de l'open A de Provence"]
[Site "Salon de Provence"]
[Date "2016.07.09"]
[Round "1.1"]
[White "Rausis, Igors"]
[Black "Benezra, Esther"]
[Result "1-0"]
[WhiteElo "2582"]
[BlackElo "1575"]
[PlyCount "71"]
[EventDate "2016.??.??"]
[WhiteTeam "Orcher la Tour"]
[BlackTeam "L'Echiquier du Roy René"]

1. Nf3 f5 2. c4 e6 3. g3 Nf6 4. Bg2 d5 5. O-O c6 6. d3 Bd6 7. Nc3 O-O 8. e4
fxe4 9. dxe4 dxe4 10. Ng5 e5 11. Ngxe4 Nxe4 12. Nxe4 Bc7 13. Be3 Nd7 14. Qb3
Qe8 15. Rad1 Qf7 16. Ng5 Qe7 17. c5+ Kh8 18. Ne6 Nf6 19. Nxf8 Qxf8 20. Rd2 Qg8
21. Qxg8+ Kxg8 22. Bg5 Be6 23. Bxf6 gxf6 24. b4 a6 25. Rc1 Kf7 26. Bf1 Bd5 27.
Bg2 Bxg2 28. Kxg2 Ke7 29. Rcd1 Rd8 30. Rxd8 Bxd8 31. g4 Bc7 32. Kf3 Ke6 33. Ke4
Ke7 34. Kf5 b6 35. Rd3 b5 36. Rh3 1-0

[Event "7ème édition de l'open A de Provence"]
[Site "Salon de Provence"]
[Date "2016.07.09"]
[Round "1.2"]
[White "Ammar, Sedrani"]
[Black "Vedmediuc, Serghei"]
[Result "0-1"]
[WhiteElo "1818"]
[BlackElo "2442"]
[PlyCount "76"]
[EventDate "2016.??.??"]
[BlackTeam "Gondrin Echecs Loisirs"]

1. d4 g6 2. c4 Bg7 3. Nc3 d6 4. e4 Nc6 5. Nge2 Nf6 6. Ng3 O-O 7. Be2 e5 8. d5
Nd4 9. Be3 Nxe2 10. Qxe2 Ng4 11. Bd2 f5 12. f3 Nf6 13. exf5 gxf5 14. Bg5 Qe8
15. Nb5 Qf7 16. O-O a6 17. Bxf6 Bxf6 18. Nc3 Bd7 19. Rfd1 Kh8 20. Rac1 Rg8 21.
Kh1 Rg6 22. Rc2 Rag8 23. Qd3 Bd8 24. b4 Qg7 25. Rdd2 Rxg3 26. hxg3 Qxg3 27. Qf1
Qh4+ 28. Kg1 Bg5 29. Qf2 Qh6 30. Re2 Bh4 31. Qe3 f4 32. Qa7 Bg3 33. Ne4 b6 34.
Nxg3 fxg3 35. Re1 Bf5 36. Rc3 Qd2 37. Rce3 Qf2+ 38. Kh1 Bh3 0-1

[Event "7ème édition de l'open A de Provence"]
[Site "Salon de Provence"]
[Date "2016.07.09"]
[Round "1.3"]
[White "Petrossian, Armen"]
[Black "San Marco, Jean"]
[Result "1-0"]
[WhiteElo "2407"]
[BlackElo "1817"]
[PlyCount "75"]
[EventDate "2016.??.??"]
[WhiteTeam "Marseille Echecs"]
[BlackTeam "La Ciotat Echecs (LCE)"]

1. e4 c5 2. Nf3 Nc6 3. Bb5 d6 4. O-O Bd7 5. Re1 e5 6. h3 Nf6 7. c3 a6 8. Bf1
Be7 9. d4 cxd4 10. cxd4 exd4 11. Nxd4 O-O 12. Nc3 Rc8 13. Nxc6 Bxc6 14. Bf4 Re8
15. Rc1 Bf8 16. Bd3 Qa5 17. Bb1 Rcd8 18. Qd2 Qh5 19. Bg5 Be7 20. f3 d5 21. exd5
Nxd5 22. Bxe7 Nxe7 23. Qf2 Ng6 24. Be4 Bxe4 25. Nxe4 Nf4 26. Rcd1 f5 27. Ng3
Qg5 28. Rxe8+ Rxe8 29. Kf1 h5 30. h4 Qxh4 31. Nxf5 Qg5 32. Ng3 Qb5+ 33. Kg1 h4
34. Ne4 h3 35. g3 Nd3 36. Qe2 Qb6+ 37. Kh2 Ne5 38. f4 1-0

[Event "7ème édition de l'open A de Provence"]
[Site "Salon de Provence"]
[Date "2016.07.09"]
[Round "1.4"]
[White "Girard, Jean-Pierre"]
[Black "Midoux, Sebastien"]
[Result "0-1"]
[WhiteElo "1787"]
[BlackElo "2343"]
[PlyCount "48"]
[EventDate "2016.??.??"]
[WhiteTeam "CE Vitrolles"]
[BlackTeam "CE Vitrolles"]

1. e4 e5 2. Nf3 Nc6 3. Bb5 a6 4. Ba4 Nf6 5. O-O b5 6. Bb3 Bb7 7. c3 Nxe4 8. d4
exd4 9. cxd4 d5 10. Re1 Be7 11. Nc3 Nxc3 12. bxc3 O-O 13. Bc2 b4 14. Bf4 g6 15.
Rb1 Bd6 16. Bxd6 Qxd6 17. Ba4 a5 18. Qd2 Rab8 19. Bc2 Ba6 20. Qh6 Qf6 21. h4
bxc3 22. h5 Nb4 23. Ne5 Nxc2 24. Nd7 Qd6 0-1

[Event "7ème édition de l'open A de Provence"]
[Site "Salon de Provence"]
[Date "2016.07.09"]
[Round "1.5"]
[White "Vavric, Pavel"]
[Black "Graille, Sebastien"]
[Result "1-0"]
[WhiteElo "2337"]
[BlackElo "1781"]
[PlyCount "41"]
[EventDate "2016.??.??"]
[WhiteTeam "Gondrin Echecs Loisirs"]
[BlackTeam "Club Provence Echecs"]

1. e4 c5 2. Nf3 Nc6 3. Bb5 g6 4. O-O Bg7 5. Bxc6 bxc6 6. Re1 e5 7. c3 Ne7 8. d4
cxd4 9. cxd4 exd4 10. Nxd4 O-O 11. Nc3 d6 12. Bg5 Bb7 13. Qd2 Qc7 14. Rad1 Rfe8
15. Bf4 Qb6 16. Nb3 d5 17. Na4 Qb5 18. Nac5 Bc8 19. Bc7 a6 20. a4 Qc4 21. Rc1
1-0

[Event "7ème édition de l'open A de Provence"]
[Site "Salon de Provence"]
[Date "2016.07.09"]
[Round "1.6"]
[White "Colandrea, Sauveur"]
[Black "Maes, Wim"]
[Result "0-1"]
[WhiteElo "1758"]
[BlackElo "2179"]
[PlyCount "50"]
[EventDate "2016.??.??"]
[WhiteTeam "Puy Ste Réparade"]
[BlackTeam "Reims Echec et Mat"]

1. d4 Nf6 2. c4 g6 3. Nc3 Bg7 4. g3 O-O 5. Bg2 d6 6. Nf3 Nc6 7. d5 Na5 8. Nd2
c5 9. O-O a6 10. Qc2 Bd7 11. e4 b5 12. b3 Rb8 13. Bb2 bxc4 14. bxc4 Ng4 15.
Rab1 e5 16. Bc1 f5 17. Rxb8 Qxb8 18. Ne2 Qc7 19. Nb1 fxe4 20. Bxe4 Nf6 21. f3
Bh3 22. Rf2 Nxe4 23. fxe4 Rxf2 24. Kxf2 Qf7+ 25. Ke3 Bh6+ 0-1

[Event "7ème édition de l'open A de Provence"]
[Site "Salon de Provence"]
[Date "2016.07.09"]
[Round "1.7"]
[White "Jeanjean, Dominique"]
[Black "Piat, Jean-Pascal"]
[Result "1-0"]
[WhiteElo "2129"]
[BlackElo "1758"]
[PlyCount "143"]
[EventDate "2016.??.??"]
[WhiteTeam "L'Echiquier du Roy René"]
[BlackTeam "Cheval Marin d'Istres-Fos"]

1. e4 d5 2. exd5 Qxd5 3. Nc3 Qa5 4. d4 c6 5. Nf3 Nf6 6. Ne5 Nbd7 7. Nc4 Qd8 8.
Bf4 Nb6 9. Ne5 Bf5 10. g4 Be6 11. Be2 Nfd5 12. Bd2 f6 13. Nd3 Bf7 14. Nc5 Qc7
15. Nxd5 Bxd5 16. Bf3 Bf7 17. Qe2 O-O-O 18. Ne6 Bxe6 19. Qxe6+ Qd7 20. Qxd7+
Rxd7 21. c3 Nc4 22. Bc1 e5 23. b3 Na3 24. Be4 g6 25. dxe5 fxe5 26. Be3 Nb5 27.
Bd2 Bg7 28. a4 Nd6 29. f3 Nxe4 30. fxe4 Rhd8 31. Bg5 Rf8 32. Ke2 Bf6 33. Be3 b6
34. Rhf1 Rff7 35. a5 Kb7 36. a6+ Kc7 37. Rf3 Bg7 38. Rxf7 Rxf7 39. c4 Bf8 40.
Rd1 Bc5 41. Bxc5 bxc5 42. Ke3 Kb6 43. Rd6 Re7 44. Rf6 Kc7 45. g5 Kd7 46. h4 Re6
47. Rf7+ Re7 48. Rf1 Ke8 49. Rb1 Rd7 50. b4 cxb4 51. Rxb4 Ke7 52. c5 Rd1 53.
Rb7+ Rd7 54. Kf3 Kd8 55. Rb8+ Kc7 56. Rf8 Rd3+ 57. Ke2 Ra3 58. Rf7+ Kb8 59.
Rb7+ Ka8 60. Re7 Rxa6 61. Rxe5 Ra2+ 62. Kf3 a5 63. Re7 Rc2 64. h5 a4 65. Rxh7
gxh5 66. Rxh5 Rxc5 67. Kf4 Ra5 68. Rh2 a3 69. Ra2 Ra7 70. g6 c5 71. Rxa3 Rxa3
72. g7 1-0

[Event "7ème édition de l'open A de Provence"]
[Site "Salon de Provence"]
[Date "2016.07.09"]
[Round "1.8"]
[White "Sanchez, Frederic"]
[Black "Moncamp, Gilles"]
[Result "0-1"]
[WhiteElo "1732"]
[BlackElo "2101"]
[PlyCount "56"]
[EventDate "2016.??.??"]
[WhiteTeam "Salon Nostradamus"]
[BlackTeam "Echiquier Marseillais 1872"]

1. d4 Nf6 2. c4 e6 3. Nf3 d5 4. g3 Be7 5. Bg2 O-O 6. O-O c6 7. Nc3 Nbd7 8. cxd5
exd5 9. Re1 Re8 10. e4 Nxe4 11. Nxe4 dxe4 12. Rxe4 Nf6 13. Re1 Bg4 14. Qd3 Qa5
15. Bd2 Bb4 16. Re5 Rxe5 17. Bxb4 Qxb4 18. dxe5 Bxf3 19. Bxf3 Qxb2 20. Rb1 Qxe5
21. Rxb7 h5 22. Qc4 Rf8 23. Rxa7 c5 24. Qe2 Qf5 25. Ra5 Qb1+ 26. Kg2 Rb8 27.
Rxc5 Rb2 28. Rc8+ Kh7 0-1

[Event "7ème édition de l'open A de Provence"]
[Site "Salon de Provence"]
[Date "2016.07.09"]
[Round "1.9"]
[White "Figier, Anthony"]
[Black "Quet, Jean-Francois"]
[Result "1-0"]
[WhiteElo "2070"]
[BlackElo "1730"]
[PlyCount "95"]
[EventDate "2016.??.??"]
[WhiteTeam "Marseille Echecs"]
[BlackTeam "ASPTT Marseille"]

1. e4 c6 2. d4 d5 3. Nc3 dxe4 4. Nxe4 Bf5 5. Ng3 Bg6 6. Nh3 e6 7. Bc4 Bd6 8.
O-O Nf6 9. f4 Ne4 10. Nxe4 Bxe4 11. Qe2 Bg6 12. f5 Bxf5 13. Rxf5 O-O 14. Rf1
Nd7 15. Bf4 Be7 16. c3 b5 17. Bd3 Nf6 18. Rae1 Nd5 19. Bg3 a6 20. Nf4 Rc8 21.
Nxd5 Qxd5 22. Qe4 Qxe4 23. Rxe4 c5 24. d5 c4 25. Be2 Bc5+ 26. Bf2 exd5 27. Bxc5
dxe4 28. Bxf8 Rxf8 29. Kf2 f5 30. Ke3 g6 31. a4 Kg7 32. axb5 axb5 33. Ra1 Kf6
34. Ra5 Rb8 35. g3 Ke6 36. h4 Kd5 37. Ra7 h6 38. Rd7+ Ke6 39. Rg7 Kf6 40. Rc7
Rb6 41. h5 g5 42. g4 Re6 43. gxf5 Kxf5 44. Rf7+ Ke5 45. Bg4 Rd6 46. Rf5+ Ke6
47. Rxg5+ Kf7 48. Rxb5 1-0

[Event "7ème édition de l'open A de Provence"]
[Site "Salon de Provence"]
[Date "2016.07.09"]
[Round "1.10"]
[White "Jackson, Edgar"]
[Black "Kolb, Sebastien"]
[Result "0-1"]
[WhiteElo "1723"]
[BlackElo "2058"]
[PlyCount "56"]
[EventDate "2016.??.??"]
[WhiteTeam "Gondrin Echecs Loisirs"]
[BlackTeam "Salon Nostradamus"]

1. d4 Nf6 2. c4 g6 3. Nc3 Bg7 4. Bf4 O-O 5. Nf3 d6 6. h3 Nbd7 7. e3 c5 8. Be2
Qa5 9. O-O a6 10. Rc1 Rb8 11. a3 cxd4 12. exd4 e5 13. Bh2 Re8 14. d5 b5 15.
cxb5 axb5 16. Na2 Bb7 17. Nb4 Rbc8 18. Nc6 Qb6 19. Qb3 Bh6 20. Rc2 Nxd5 21.
Qxd5 Rxc6 22. Rxc6 Bxc6 23. Qxd6 Re6 24. Qb4 Bf8 25. Qh4 h6 26. Re1 e4 27. Nd2
e3 28. Nf3 exf2+ 0-1

[Event "7ème édition de l'open A de Provence"]
[Site "Salon de Provence"]
[Date "2016.07.09"]
[Round "1.11"]
[White "Mazzella, Enzo"]
[Black "Salvi, Michel"]
[Result "1-0"]
[WhiteElo "2015"]
[BlackElo "1721"]
[PlyCount "67"]
[EventDate "2016.??.??"]
[WhiteTeam "Sanary Echecs"]
[BlackTeam "Cercle d'Echecs Aubagnais"]

1. e4 c5 2. b3 Nc6 3. Bb2 d5 4. exd5 Qxd5 5. Nf3 Bg4 6. Be2 Nf6 7. Nc3 Qd7 8.
O-O e6 9. h3 Bh5 10. g4 Bg6 11. Bb5 O-O-O 12. d3 Bd6 13. Qe2 h5 14. g5 Nd5 15.
Bxc6 Qxc6 16. Nxd5 exd5 17. Bxg7 Rhe8 18. Qd2 d4 19. Nh4 Be5 20. Bxe5 Rxe5 21.
Rae1 Red5 22. Kh2 Qd6+ 23. f4 Rxg5 24. Nxg6 fxg6 25. Re4 h4 26. Rfe1 Rg3 27.
Re5 b6 28. Qe2 Qd7 29. Re6 Rf8 30. Qe4 Kb8 31. a4 Rf7 32. a5 Re7 33. Qe5+ Kb7
34. Rxe7 1-0

[Event "7ème édition de l'open A de Provence"]
[Site "Salon de Provence"]
[Date "2016.07.09"]
[Round "1.12"]
[White "Ouahhoud, Yassine"]
[Black "Jackson, Thomas"]
[Result "0-1"]
[WhiteElo "1714"]
[BlackElo "2002"]
[PlyCount "82"]
[EventDate "2016.??.??"]
[WhiteTeam "Marseille Echecs"]
[BlackTeam "Gondrin Echecs Loisirs"]

1. e4 c5 2. b3 e6 3. Bb2 Nc6 4. Nf3 d6 5. Bb5 Bd7 6. O-O a6 7. Bxc6 Bxc6 8. Re1
Ne7 9. Nc3 b5 10. e5 d5 11. d4 Nf5 12. Ne2 c4 13. Rc1 Be7 14. Ng3 g6 15. Qd2
Nxg3 16. hxg3 h5 17. Nh2 a5 18. f4 Qb6 19. a3 b4 20. axb4 axb4 21. bxc4 dxc4
22. c3 b3 23. g4 hxg4 24. Nxg4 Bd5 25. Ne3 Qc6 26. Ra1 Kd7 27. Rxa8 Rxa8 28.
Ra1 Rxa1+ 29. Bxa1 Ba3 30. Bb2 Bxb2 31. Qxb2 Qa4 32. Nd1 Qa2 33. Qf2 Qa1 34.
Qd2 Be4 35. d5 exd5 36. Kh2 Kc6 37. Nb2 Qa3 38. Qc1 Bc2 39. g4 d4 40. cxd4 Kd5
41. Qh1+ Kxd4 0-1

[Event "7ème édition de l'open A de Provence"]
[Site "Salon de Provence"]
[Date "2016.07.09"]
[Round "1.13"]
[White "Nobili, Denis"]
[Black "Mars, Fiona"]
[Result "1-0"]
[WhiteElo "1995"]
[BlackElo "1706"]
[PlyCount "45"]
[EventDate "2016.??.??"]
[WhiteTeam "L'Echiquier du Roy René"]
[BlackTeam "CE Vitrolles"]

1. d4 Nf6 2. c4 g6 3. Nc3 d5 4. Nf3 Bg7 5. Qb3 dxc4 6. Qxc4 O-O 7. e4 c6 8. Be2
Na6 9. O-O Be6 10. Qa4 Nc7 11. h3 Bd7 12. Qc2 Ne6 13. Be3 Qc7 14. Qd2 Rfd8 15.
Rac1 Be8 16. g3 Nc5 17. Qc2 Ne6 18. Rfd1 Rac8 19. Bc4 Bd7 20. Ne5 c5 21. Nxd7
cxd4 22. Nxf6+ Bxf6 23. Nd5 1-0

[Event "7ème édition de l'open A de Provence"]
[Site "Salon de Provence"]
[Date "2016.07.09"]
[Round "1.14"]
[White "Boghossian, Hugo"]
[Black "Couderc, Christophe"]
[Result "0-1"]
[WhiteElo "1682"]
[BlackElo "1978"]
[PlyCount "70"]
[EventDate "2016.??.??"]
[WhiteTeam "CE Vitrolles"]
[BlackTeam "Salon Nostradamus"]

1. e4 c5 2. c3 d5 3. exd5 Qxd5 4. d4 cxd4 5. cxd4 Nc6 6. Nf3 e5 7. Nc3 Bb4 8.
Bd2 Bxc3 9. Bxc3 e4 10. Ne5 Nxe5 11. dxe5 Ne7 12. Qxd5 Nxd5 13. Bb5+ Bd7 14.
Bxd7+ Kxd7 15. O-O-O Ke6 16. Bd4 Nf4 17. Rhe1 Nd3+ 18. Rxd3 exd3 19. Kd2 Rhd8
20. Bc3 Rac8 21. g4 b5 22. a3 Rc4 23. f3 a5 24. b3 Rc6 25. b4 axb4 26. axb4
Rxc3 27. Kxc3 d2 28. Rd1 Kxe5 29. Rxd2 Rxd2 30. Kxd2 Kd4 31. Kc2 Kc4 32. f4
Kxb4 33. h3 Kc4 34. h4 Kd4 35. f5 Ke5 0-1

[Event "7ème édition de l'open A de Provence"]
[Site "Salon de Provence"]
[Date "2016.07.09"]
[Round "1.15"]
[White "Busson, Benoist"]
[Black "Gamblin, Thibaut"]
[Result "1-0"]
[WhiteElo "1964"]
[BlackElo "1681"]
[PlyCount "71"]
[EventDate "2016.??.??"]
[WhiteTeam "Salon Nostradamus"]
[BlackTeam "Marseille Echecs"]

1. e4 e5 2. f4 d5 3. exd5 exf4 4. Nf3 Qxd5 5. Nc3 Qh5 6. d4 c6 7. Bxf4 Bg4 8.
Be2 Nf6 9. O-O Bb4 10. h3 Bxf3 11. Bxf3 Qa5 12. Qe2+ Kd8 13. Bd2 Qa6 14. Qf2
Nbd7 15. a3 Bd6 16. Kh1 Qb6 17. b4 Qc7 18. Ne4 Nxe4 19. Bxe4 f6 20. Qf3 Nb6 21.
Qb3 Re8 22. Bxh7 Nd5 23. c4 Bf4 24. cxd5 Bxd2 25. Qd3 Bg5 26. Rae1 cxd5 27. Bg6
Re7 28. Bh5 Qd6 29. Qf5 Bd2 30. Rxe7 Kxe7 31. Qg6 Rf8 32. Qxg7+ Kd8 33. Qxb7
Qd7 34. Qa6 f5 35. Qa5+ Kc8 36. Qc5+ 1-0

[Event "7ème édition de l'open A de Provence"]
[Site "Salon de Provence"]
[Date "2016.07.09"]
[Round "1.16"]
[White "Bohli, Adam"]
[Black "Derige Kane, Yan"]
[Result "0-1"]
[WhiteElo "1650"]
[BlackElo "1959"]
[PlyCount "70"]
[EventDate "2016.??.??"]
[WhiteTeam "Marseille Echecs"]
[BlackTeam "Marseille Passion Echecs"]

1. e4 e5 2. Nf3 Nc6 3. Bb5 a6 4. Bxc6 dxc6 5. O-O Bd6 6. d4 exd4 7. Qxd4 f6 8.
Be3 Be6 9. Nbd2 Ne7 10. Rfd1 Ng6 11. Nc4 Bxc4 12. Qxc4 Qe7 13. e5 Nxe5 14. Nxe5
Qxe5 15. g3 O-O-O 16. Rd3 Qxb2 17. Qg4+ Kb8 18. Re1 Qb4 19. Qe2 Qb5 20. c4 Qa5
21. Rb3 Bc5 22. Reb1 b6 23. Qh5 g5 24. Qf3 Rd6 25. a4 Rhd8 26. Qf5 Bb4 27. Qc2
Qxa4 28. Bc5 Rd2 29. Qf5 Rd1+ 30. Kg2 Rxb1 31. Rxb1 bxc5 32. Qxc5 a5 33. Qe7
Rc8 34. Qxf6 Kb7 35. Qxg5 Qc2 0-1

[Event "7ème édition de l'open A de Provence"]
[Site "Salon de Provence"]
[Date "2016.07.09"]
[Round "1.17"]
[White "Charvein, Gabriel"]
[Black "Gamblin, Antoine"]
[Result "1-0"]
[WhiteElo "1951"]
[BlackElo "1633"]
[PlyCount "85"]
[EventDate "2016.??.??"]
[WhiteTeam "Marseille Echecs"]
[BlackTeam "Marseille Echecs"]

1. e4 c5 2. b3 e6 3. Bb2 d5 4. Nc3 Nf6 5. Bd3 Nc6 6. f4 Nb4 7. Bb5+ Bd7 8.
Bxd7+ Qxd7 9. a3 Nc6 10. e5 Ng8 11. Nf3 Nge7 12. O-O Nf5 13. Ne2 b6 14. Qe1 Be7
15. g4 Nh6 16. Qg3 O-O-O 17. d4 f5 18. g5 Nf7 19. Rfd1 Qb7 20. Rac1 Kb8 21. Kf1
g6 22. dxc5 bxc5 23. b4 Ka8 24. Rb1 cxb4 25. axb4 Bxb4 26. Ba3 Qe7 27. Ned4
Bxa3 28. Nxc6 Qd7 29. Nxd8 Rxd8 30. Nd4 Bc5 31. Qd3 Rc8 32. Qa6 Bxd4 33. Rxd4
Qc6 34. Qxc6+ Rxc6 35. Rdb4 Rc8 36. Rb7 Nd8 37. Rxh7 Rxc2 38. Rh8 Rc8 39. h4 d4
40. h5 gxh5 41. g6 d3 42. g7 d2 43. Ke2 1-0

[Event "7ème édition de l'open A de Provence"]
[Site "Salon de Provence"]
[Date "2016.07.09"]
[Round "1.18"]
[White "Mohamed Saeed Laily"]
[Black "Baroyan, Davit"]
[Result "0-1"]
[WhiteElo "1589"]
[BlackElo "1946"]
[PlyCount "104"]
[EventDate "2016.??.??"]
[BlackTeam "Marseille Echecs"]

1. d4 d5 2. e3 c5 3. c4 cxd4 4. exd4 Nf6 5. Nc3 g6 6. Nf3 Bg7 7. Be2 O-O 8. O-O
Nc6 9. h3 a6 10. Be3 dxc4 11. Bxc4 b5 12. Bb3 Bb7 13. a3 Na5 14. Ba2 Nd5 15.
Nxd5 Bxd5 16. Bxd5 Qxd5 17. Rc1 Rac8 18. Qe2 Nb3 19. Rc3 Rxc3 20. bxc3 Rc8 21.
Qb2 Qc4 22. Rb1 Na5 23. Rc1 Qb3 24. Qxb3 Nxb3 25. Rc2 e6 26. Nd2 Nxd4 27. Bxd4
Bxd4 28. Kf1 Rxc3 29. Rxc3 Bxc3 30. Nb1 Bd4 31. Ke2 Kf8 32. f3 Ke7 33. Kd3 e5
34. Nd2 Bb2 35. Nb1 Kf6 36. Ke4 Kg5 37. g3 f5+ 38. Ke3 Bd4+ 39. Ke2 f4 40.
gxf4+ Kxf4 41. Nd2 Kg3 42. Ne4+ Kxh3 43. Ng5+ Kg3 44. Nxh7 Bb2 45. Nf8 Bxa3 46.
Nxg6 Bd6 47. Kd3 Kxf3 48. Nh4+ Kg4 49. Ng2 Kg3 50. Ne1 Kf2 51. Nc2 Bc5 52. Ke4
Ke2 0-1

[Event "7ème édition de l'open A de Provence"]
[Site "Salon de Provence"]
[Date "2016.07.09"]
[Round "1.19"]
[White "Benavides, Jeremy"]
[Black "Ahmed Rashed Al Hefe"]
[Result "1-0"]
[WhiteElo "1910"]
[BlackElo "1588"]
[PlyCount "37"]
[EventDate "2016.??.??"]
[WhiteTeam "Salon Nostradamus"]

1. e4 c5 2. Nf3 Nc6 3. d4 cxd4 4. Nxd4 Nf6 5. Nc3 g6 6. Be3 d6 7. f3 Bg7 8. Qd2
O-O 9. O-O-O Bd7 10. g4 Rc8 11. Kb1 Ne5 12. h4 Nc4 13. Bxc4 Rxc4 14. h5 Qc7 15.
hxg6 fxg6 16. Nb3 Rc8 17. e5 dxe5 18. g5 Rxc3 19. bxc3 1-0

[Event "7ème édition de l'open A de Provence"]
[Site "Salon de Provence"]
[Date "2016.07.09"]
[Round "1.20"]
[White "Wilfert, Fabrice"]
[Black "Khalifah, Khaled"]
[Result "1-0"]
[WhiteElo "1856"]
[BlackElo "1486"]
[PlyCount "33"]
[EventDate "2016.??.??"]
[WhiteTeam "Cheval Marin d'Istres-Fos"]

1. e4 c5 2. Nc3 Nc6 3. Bb5 e6 4. Bxc6 bxc6 5. f4 Ne7 6. Nf3 g6 7. d3 Bg7 8. O-O
O-O 9. Qe1 Ba6 10. Qh4 f5 11. e5 c4 12. d4 d6 13. Ng5 h5 14. Nxe6 Qb6 15. Qxe7
Rf7 16. Qxd6 Bh6 17. Na4 1-0

[Event "7ème édition de l'open A de Provence"]
[Site "Salon de Provence"]
[Date "2016.07.09"]
[Round "2.1"]
[White "Mazzella, Enzo"]
[Black "Rausis, Igors"]
[Result "0-1"]
[WhiteElo "2015"]
[BlackElo "2582"]
[PlyCount "64"]
[EventDate "2016.??.??"]
[WhiteTeam "Sanary Echecs"]
[BlackTeam "Orcher la Tour"]

1. e4 c6 2. d4 d5 3. exd5 cxd5 4. Bd3 Nc6 5. c3 Qc7 6. Bg5 Nf6 7. h3 Ne4 8.
Bxe4 dxe4 9. Nd2 Qd6 10. Bh4 Qg6 11. Bg3 e3 12. Nc4 exf2+ 13. Kxf2 f6 14. d5 e5
15. b4 Qe4 16. Ne3 Nd8 17. Nf3 Nf7 18. Re1 Bd7 19. Qb3 a5 20. a3 b5 21. c4 axb4
22. axb4 Rxa1 23. Rxa1 bxc4 24. Nxc4 Qxd5 25. Ra7 Be7 26. Qc3 Qb5 27. Qd3 Bxb4
28. Rc7 Be6 29. Ncxe5 Qb6+ 30. Qd4 Qxc7 31. Nxf7 Qc2+ 32. Kf1 Qc4+ 0-1

[Event "7ème édition de l'open A de Provence"]
[Site "Salon de Provence"]
[Date "2016.07.09"]
[Round "2.2"]
[White "Vedmediuc, Serghei"]
[Black "Nobili, Denis"]
[Result "1-0"]
[WhiteElo "2442"]
[BlackElo "1995"]
[PlyCount "59"]
[EventDate "2016.??.??"]
[WhiteTeam "Gondrin Echecs Loisirs"]
[BlackTeam "L'Echiquier du Roy René"]

1. e4 e5 2. Nf3 Nc6 3. Bb5 a6 4. Ba4 Nf6 5. O-O Be7 6. Re1 b5 7. Bb3 d6 8. c3
O-O 9. h3 Bb7 10. d4 Re8 11. Nbd2 Bf8 12. Bc2 g6 13. d5 Nb8 14. b3 c6 15. c4
cxd5 16. cxd5 Nbd7 17. a4 bxa4 18. Rxa4 Nb6 19. Ra2 a5 20. Nf1 Nbd7 21. Bd2 Qb6
22. Ne3 Nc5 23. Nc4 Qb5 24. Rxa5 Rxa5 25. Nxa5 Rb8 26. Bc3 Ba6 27. Nd2 Nd3 28.
Re3 Nc5 29. Ndc4 Nh5 30. b4 1-0

[Event "7ème édition de l'open A de Provence"]
[Site "Salon de Provence"]
[Date "2016.07.09"]
[Round "2.3"]
[White "Jackson, Thomas"]
[Black "Petrossian, Armen"]
[Result "1/2-1/2"]
[WhiteElo "2002"]
[BlackElo "2407"]
[PlyCount "55"]
[EventDate "2016.??.??"]
[WhiteTeam "Gondrin Echecs Loisirs"]
[BlackTeam "Marseille Echecs"]

1. d4 Nf6 2. c4 c5 3. d5 b5 4. cxb5 a6 5. bxa6 e6 6. dxe6 fxe6 7. g3 Bxa6 8.
Bg2 d5 9. Nf3 Nc6 10. O-O Be7 11. Re1 O-O 12. Bf4 h6 13. Qc2 Nb4 14. Qg6 Qe8
15. Ne5 Qxg6 16. Nxg6 Nc2 17. Nxe7+ Kf7 18. Rc1 Nxa1 19. Nc6 g5 20. Bd2 Nd7 21.
Na3 Bxe2 22. Rxa1 Ra6 23. Na5 Rfa8 24. Nb3 Bb5 25. Rc1 Ba4 26. Bf1 c4 27. Bc3
Bxb3 28. axb3 1/2-1/2

[Event "7ème édition de l'open A de Provence"]
[Site "Salon de Provence"]
[Date "2016.07.09"]
[Round "2.4"]
[White "Midoux, Sebastien"]
[Black "Busson, Benoist"]
[Result "1-0"]
[WhiteElo "2343"]
[BlackElo "1964"]
[PlyCount "61"]
[EventDate "2016.??.??"]
[WhiteTeam "CE Vitrolles"]
[BlackTeam "Salon Nostradamus"]

1. e4 Nc6 2. Nf3 e5 3. Nc3 Nf6 4. g3 d5 5. exd5 Nd4 6. h3 Nxd5 7. Bg2 Nb4 8.
Nxd4 exd4 9. a3 dxc3 10. axb4 Qe7+ 11. Kf1 Qxb4 12. bxc3 Qc4+ 13. d3 Qe6 14.
Ra4 f5 15. c4 c6 16. Bb2 Bd7 17. Qa1 a6 18. Bf3 Kd8 19. Kg2 h5 20. Bxg7 Bxg7
21. Qxg7 Kc7 22. c5 Rag8 23. Qd4 h4 24. Qf4+ Kc8 25. Rb1 hxg3 26. Rxb7 gxf2+
27. Kxf2 Kxb7 28. Rb4+ Ka8 29. Qc7 Rb8 30. Ra4 Bc8 31. Bxc6+ 1-0

[Event "7ème édition de l'open A de Provence"]
[Site "Salon de Provence"]
[Date "2016.07.09"]
[Round "2.5"]
[White "Couderc, Christophe"]
[Black "Vavric, Pavel"]
[Result "0-1"]
[WhiteElo "1978"]
[BlackElo "2337"]
[PlyCount "65"]
[EventDate "2016.??.??"]
[WhiteTeam "Salon Nostradamus"]
[BlackTeam "Gondrin Echecs Loisirs"]

1. d4 g6 2. c4 Bg7 3. Nc3 d6 4. e4 Nc6 5. Be3 e5 6. Nge2 exd4 7. Nxd4 Nge7 8.
g3 O-O 9. Bg2 Ne5 10. Qe2 c5 11. Nb3 Bg4 12. f3 Be6 13. Nd5 Nxd5 14. cxd5 Bd7
15. O-O b5 16. f4 Nc4 17. e5 Rc8 18. e6 fxe6 19. dxe6 Bxe6 20. Bxc5 dxc5 21.
Qxe6+ Kh8 22. Rad1 Qb6 23. Qxb6 axb6 24. Rd7 Nxb2 25. Rb7 c4 26. Nc1 Bd4+ 27.
Kh1 Rfd8 28. h4 Be3 29. f5 Rf8 30. Re1 Rce8 31. Bc6 Re5 32. Bxb5 Rfxf5 33. Rd1
0-1

[Event "7ème édition de l'open A de Provence"]
[Site "Salon de Provence"]
[Date "2016.07.09"]
[Round "2.6"]
[White "Maes, Wim"]
[Black "Charvein, Gabriel"]
[Result "1/2-1/2"]
[WhiteElo "2179"]
[BlackElo "1951"]
[PlyCount "70"]
[EventDate "2016.??.??"]
[WhiteTeam "Reims Echec et Mat"]
[BlackTeam "Marseille Echecs"]

1. Nf3 Nf6 2. g3 d5 3. Bg2 Bg4 4. c4 e6 5. cxd5 exd5 6. Qb3 Nbd7 7. d4 Nb6 8.
Nc3 c6 9. Ne5 Be6 10. O-O Qc7 11. Nd3 Bd6 12. Bf4 Ne4 13. Rfe1 O-O 14. Rac1
Rfe8 15. Qc2 Rad8 16. b3 Bxf4 17. Nxf4 Nd6 18. Ncxd5 Nxd5 19. Bxd5 Nb5 20. Bxe6
Nxd4 21. Qc4 Nxe6 22. Nxe6 Rxe6 23. Red1 Red6 24. Rxd6 Qxd6 25. Kg2 Qd5+ 26.
Qxd5 Rxd5 27. Rc2 Kf8 28. Kf3 Ke7 29. e4 Rd3+ 30. Ke2 Rd4 31. Ke3 Rd1 32. f4
Re1+ 33. Kd3 Rd1+ 34. Ke2 Rd4 35. Ke3 Rd1 1/2-1/2

[Event "7ème édition de l'open A de Provence"]
[Site "Salon de Provence"]
[Date "2016.07.09"]
[Round "2.7"]
[White "Derige Kane, Yan"]
[Black "Jeanjean, Dominique"]
[Result "0-1"]
[WhiteElo "1959"]
[BlackElo "2129"]
[PlyCount "70"]
[EventDate "2016.??.??"]
[WhiteTeam "Marseille Passion Echecs"]
[BlackTeam "L'Echiquier du Roy René"]

1. d4 Nf6 2. Bg5 c5 3. e3 Qb6 4. Nd2 cxd4 5. exd4 Qxd4 6. Ngf3 Qb6 7. Be2 Nc6
8. O-O e6 9. Bxf6 gxf6 10. Ne4 Be7 11. b3 d5 12. Ng3 Bd7 13. c4 d4 14. Qc1
O-O-O 15. Qb2 f5 16. Bd3 h5 17. h4 Rhg8 18. a3 Rg4 19. b4 Rdg8 20. c5 Qc7 21.
b5 Bxh4 22. Nxh4 Rxh4 23. bxc6 Bxc6 24. Bb5 Rhg4 25. Bxc6 Qxc6 26. Rab1 h4 27.
Qb5 hxg3 28. Qxc6+ bxc6 29. fxg3 Kc7 30. Rf2 Rb8 31. Rxb8 Kxb8 32. Rb2+ Kc7 33.
Kf2 e5 34. Rd2 f4 35. gxf4 Rxf4+ 0-1